Glee Characters By Surname Quiz Stats

Quiz not verified by Sporcle

Also try: That '70s Show
Challenge
Share
Tweet
Embed
Score 0/15 Timer 02:00
0 Plays Today
Surname Character % Correct
FabrayQuinn
99.2%
ScheusterWill
99.2%
LopezSantana
98.7%
HummelKurt
98.3%
JonesMercedes
97.9%
PuckermanNoah
97.5%
BerryRachel
97.5%
HudsonFinn
97%
Surname Character % Correct
PierceBrittany
95.8%
AbramsArtie
95.4%
Cohen-ChangTina
93.7%
SylvesterSue
93.7%
ChangMike
93.7%
ZizesLauren
90.3%
IsraelJacob
86.1%

You're not logged in!

Compare scores with friends on all Sporcle quizzes.
Sign Up with Email
OR
Log In

You Might Also Like...

Show Comments

Extras

Top Quizzes Today


Score Distribution

Your Account Isn't Verified!

In order to create a playlist on Sporcle, you need to verify the email address you used during registration. Go to your Sporcle Settings to finish the process.